| 000 | 01148cab a2200289 4500 | ||
|---|---|---|---|
| 001 | ABS58858 | ||
| 008 | 090401t1998 xxu||||| |||| 00| 0 eng d | ||
| 035 | _a(Sirsi) u86956 | ||
| 041 | _aeng | ||
| 100 | _aBaber, F, | ||
| 245 | _aReducing risk in property investment | ||
| 260 | _c1998 | ||
| 350 | _a0 | ||
| 490 |
_aCSM _bChartered Surveyor Monthly _v7(9) June 1998, 36-37(2) |
||
| 520 | _aDiscusses recent research by Colin Lizieri, commissioned by the RICS Education Trust, on the impact of exchange rate uncertainty on the returns from international investment property, which shows that there are advantages to be derived from currency hedging. Discusses the various factors behind investment in international property and present currency management practice. | ||
| 650 | _aBONDS | ||
| 650 | _aCONVERGENCE | ||
| 650 | _aCURRENCY SWAP | ||
| 650 | _aEQUITIES | ||
| 650 | _aEXCHANGE RATE | ||
| 650 | _aFINANCIAL DEREGULATION | ||
| 650 | _aINTERNATIONAL INVESTMENT | ||
| 650 | _aINVESTMENT PROPERTY | ||
| 690 | _aPROPERTY-COMMERCIAL PROPERTY-COMMERCIAL PROPERTY FINANCE AND INVESTMENT | ||
| 942 | _n0 | ||
| 948 | _c23/06/1998 | ||
| 999 |
_c54763 _d54763 |
||